Tirumala Tirupati : The Legends And Beyond .... (Record no. 4946)

000 -LEADER
fixed length control field 00314nam a2200109Ia 4500
008 - FIXED-LENGTH DATA ELEMENTS--GENERAL INFORMATION
fixed length control field 200302s9999 xx 000 0 und d
100 ## - MAIN ENTRY--PERSONAL NAME
Personal name T.Sarita Reddy & Birad Rajaram yajnik
245 ## - TITLE STATEMENT
Title Tirumala Tirupati : The Legends And Beyond ....
260 ## - PUBLICATION, DISTRIBUTION, ETC.
Name of publisher, distributor, etc. Visual Quest India ( Pvt. Ltd)
260 ## - PUBLICATION, DISTRIBUTION, ETC.
Date of publication, distribution, etc. 2005
300 ## - PHYSICAL DESCRIPTION
Extent 193 P
Holdings
Withdrawn status Lost status Source of classification or shelving scheme Damaged status Not for loan Permanent Location Current Location Date acquired Cost, normal purchase price Total Checkouts Full call number Barcode Date last seen Date last checked out Price effective from Koha item type Public note
          BMS College of Architecture, Design and Planning BMS College of Architecture, Design and Planning 2020-03-03 3600.00 1 294.52113 CL-UG69939 2025-09-30 2025-09-29 2020-03-03 UG Books from CL S-08
Copyright © 2025, The Librarian, Library and Information Centre, BMSCA D&P, Bengaluru. All Rights Reserved
web counter

Powered by Koha